Normal view MARC view
  • Laheurte, Jean-Marc

Entry Personal Name

Number of records used in: 1

001 - CONTROL NUMBER

  • control field: 98201

003 - CONTROL NUMBER IDENTIFIER

  • control field: NUST

005 - DATE AND TIME OF LATEST TRANSACTION

  • control field: 20220819101446.0

008 - FIXED-LENGTH DATA ELEMENTS

  • fixed length control field: 220819|| aca||aabn | a|a d

040 ## - CATALOGING SOURCE

  • Original cataloging agency: NUST
  • Transcribing agency: NUST

100 ## - HEADING--PERSONAL NAME

  • Personal name: Laheurte, Jean-Marc

670 ## - SOURCE DATA FOUND

  • Source citation: Work cat.: (NUST)189234: Compact antennas for wireless communications and terminals :, 2011.
© 2023 Central Library, National University of Sciences and Technology. All Rights Reserved.